Nommez un personnage d'Harry Potter valide - Statistiques

Statistiques générales
  • Ce quiz a été pris 1 215 fois
  • Le résultat moyen est 7 sur 10
Statistiques - réponses
Nommez un personnage... Personnages valides % Correct
qui a les cheveux roux Arthur | Bill | Charlie | Fred | George | Ginny | Hugo | Lily | Molly | Percy | Ron
100%
qui a été candidat au Tournoi des Trois Sorciers Angelina | Cédric | Fleur | Harry | Poliakoff | Viktor | Warrington
98%
dont son nom de famille est Dumbledore Abelforth | Albus | Ariana | Kendra | Perceval
92%
qui est un loup-garou Chiara | Fenrir | Remus | Silas
83%
qui est animagi non déclaré James | Peter | Rita | Sirius | Talbott
83%
qui est chauve Dobby | Filius | Kreattur | Mondingus | Quirinus | Tom | Voldemort
69%
qui a été préfet à Poufsouffle Cédric | Ernie | Gabriel | Hannah | Jane
62%
qui est legilimens Albus | Bellatrix | Jacob | Queenie | Salazar | Severus | Voldemort
55%
qui fait parti du Magenmagot Albus | Amelia | Barty | Brunhilde | Cornelius | Dolores | Elphias | Griselda | Tiberius | Ulick
49%
dont son nom de famille commence par V Emmeline | Ludovic | Romilda | Septima
36%
Aucun quiz correspondant
Distribution des résultats
% des personnes avec chaque résultat
Percentile par nombre de réponses
Votre historique - résultats
Vous n’avez pas pris ce quiz